000 00872nam a22001577a 4500
003 OSt
005 20151207140106.0
008 151207b xxu||||| |||| 00| 0 eng d
040 _cRUA
082 _aFIS SRE 2005 B177 Or.1
100 _94449
_aSREY SOMVICHET; ស្រី សមវិចិត្រ
245 _aThe effect of pellet and formulated feeds (Rice brand, fish meal, special animal feed) on growth of aristichthys cultured in hapa; ឥទ្ធិពលនៃការប្រើចំណីគ្រាប់ និងចំណីផ្សំ (កន្ទក់ម្សៅត្រី ចំណីសត្វពិសេស) ទៅលើការលូតលាស់របស់ត្រីកាបក្បាលធំនៅក្នុងហាប៉ា.
260 _aPhnom Penh
_bRUA
_c2005
300 _ax; 39p.
_bill.
_c29cm.
942 _2ddc
_cFIS
999 _c4149
_d4149